French legends : (Record no. 4812)
[ view plain ]
| 000 -LEADER | |
|---|---|
| fixed length control field | 00809nam a22002651a 4500 |
| 001 - CONTROL NUMBER | |
| JCCL Control Number | 4812 |
| 003 - CONTROL NUMBER IDENTIFIER | |
| JCCL marc code | BD-JhCC |
| 005 - DATE AND TIME OF LATEST TRANSACTION | |
| control field | 20171203190710.0 |
| 008 - FIXED-LENGTH DATA ELEMENTS--GENERAL INFORMATION | |
| fixed length control field | 750623r19551966enka j 000 1 eng d |
| 035 ## - SYSTEM CONTROL NUMBER | |
| system control number | (BD-JhCC)4812 |
| 035 ## - SYSTEM CONTROL NUMBER | |
| system control number | (OCoLC)1404596 |
| 040 ## - CATALOGING SOURCE | |
| Original cataloging agency | DLC |
| Transcribing agency | FO |
| Modifying agency | OCoLC |
| -- | MnDuStS |
| -- | Uk |
| -- | DLC |
| 041 ## - LANGUAGE CODE | |
| Language code of Book | eng |
| 050 00 - LIBRARY OF CONGRESS CALL NUMBER | |
| Classification number | PZ8.1.P6 |
| Item number | Fr |
| 082 ## - DEWEY DECIMAL CLASSIFICATION NUMBER | |
| Classification number | 398.20944 |
| Author mark and Year | PIC 1966 |
| 100 1# - MAIN ENTRY--PERSONAL NAME | |
| Personal name | Picard, Barbara Leonie. |
| 245 10 - TITLE STATEMENT | |
| Title | French legends : |
| Remainder of title | Tales and fairy stories / |
| Statement of responsibility, etc | retold by Barbara Leonie Picard. Illustrated by Joan Kiddell-Monroe. |
| 260 ## - PUBLICATION, DISTRIBUTION, ETC. (IMPRINT) | |
| Place of publication, distribution, etc | [London] |
| Name of publisher, distributor, etc | Oxford University Press, |
| Date of publication, distribution, etc | 1955. [Reprinted 1966] |
| 300 ## - PHYSICAL DESCRIPTION | |
| Pagination | 215 p. |
| Other physical details | illus. (part col) |
| Dimensions | 22 cm. |
| 650 #0 - SUBJECT ADDED ENTRY--TOPICAL TERM | |
| Topical term or geographic name as entry element | Legends |
| Geographic subdivision | France. |
| 650 #0 - SUBJECT ADDED ENTRY--TOPICAL TERM | |
| Topical term or geographic name as entry element | Tales |
| Geographic subdivision | France. |
| 650 #0 - SUBJECT ADDED ENTRY--TOPICAL TERM | |
| Topical term or geographic name as entry element | Fairy tales |
| Geographic subdivision | France. |
| 942 ## - ADDED ENTRY ELEMENTS (KOHA) | |
| Source of classification or shelving scheme | Dewey Decimal Classification |
| Koha item type | Books |
| Source of classification or shelving scheme | Damaged status | Not for loan | Home library | Current library | Shelving location | Date of accession | Total Checkouts | Full call number | Barcode | Date last seen | Copy number | Koha item type |
|---|---|---|---|---|---|---|---|---|---|---|---|---|
| Dewey Decimal Classification | JCC Rouf Library | JCC Rouf Library | General Stacks | 12/03/2017 | 398.20944 PIC 1966 | 6501 | 12/03/2017 | C-1 | Books |